01759nam a2200445 i 450000100060000000300080000600500170001400600190003100700150005000800410006502000180010603500230012403500240014703500250017103500210019604000310021705000210024808000120026908200160028110000300029724501020032726401200042930000580054933600310060733700330063833800430067150400290071458801270074359001590087065000340102965000170106365000370108065000280111765100290114565100140117465500270118879700190121585600620123499900170129632308FlNmELB20241216220730.0m o d | cr cnu||||||||151203s2007 mx a ob 000 0 spa d z9789702712251 a(MiAaPQ)EBC4184611 a(Au-PeEL)EBL4184611 a(CaPaEBR)ebr11126848 a(OCoLC)949156173 aFINmELBbspaerdacFINmELB 4aHC135bR177 2007 a338(72)0 a338.9722231 aRamírez Robles, Sergio.10aPolíticas para el mercado interno y externo en México (2000-2006) /cSergio Ramírez Robles. 1aGuadalajara, Jalisco :bUniversidad de Guadalajara, Centro Universitario de Ciencias Sociales y Humanidades,c2007. a1 recurso en línea (210 páginas) :bilustraciones atextobtxt2rdacontent/spa acomputadorabc2rdamedia/spa arecurso en líneabcr2rdacarrier/spa aContiene bibliografía. aDescripción basada en recurso en línea; Título de la página del título en PDF (e-libro, visto December 3, 2015). aRecurso electronico. Santa Fe, Arg. : e-libro, 2014. Disponible via World Wide Web. El acceso puede ser limitado para las bibliotecas afiliadas a e-libro. 0aEconomic developmentzMexico. 0aCompetition. 4aDesarrollo económico y social. 4aPolítica económica. 0aMexicoxEconomic policy. 4aMéxico. 4aLibros electrónicos.2 ae-libro, Corp.40uhttps://elibro.net/ereader/politecnicointernacional/74301 c32308d32308